Statistics for Flags of the 10 biggest slovenian municipalities by population

Click here to take the quiz!

General Stats

  • This quiz has been taken 15 times
  • The average score is 7 of 10

Answer Stats

Answer% Correct
Ljubljana
100%
Maribor
100%
Celje
92%
Kranj
92%
Koper
83%
Velenje
67%
Novo mesto
58%
Ptuj
58%
Kamnik
50%
Trbovlje
33%

Score Distribution

Percentile by Number Answered

Percent of People with Each Score

Your Score History

You have not taken this quiz